000
00313nam a2200121Ia 4500
008
180130s9999||||xx |||||||||||||| ||und||
020
_a
978-986-369-040-5
100
_a
秦建成
245
0
_c
秦建成
_a
部門績效考核的量化管理
250
_a
增訂六版
260
_c
2016
_a
台北市
300
_c
cm.
_a
p.
942
_2
ccl
_c
BOOK
999
_c
808
_d
808